Giải phẫu sinh lí Dùng để dạy và học trong các trường TH Y tế

সংরক্ষণ করুন:
গ্রন্থ-পঞ্জীর বিবরন
প্রধান লেখক: Đinh Quế Châu
বিন্যাস: গ্রন্থ
ভাষা:Undetermined
প্রকাশিত: Hà Nội Y Học 1998
বিষয়গুলি:
ট্যাগগুলো: ট্যাগ যুক্ত করুন
কোনো ট্যাগ নেই, প্রথমজন হিসাবে ট্যাগ করুন!
Thư viện lưu trữ: Trung tâm Học liệu Trường Đại học Cần Thơ
LEADER 00555nam a2200181Ia 4500
001 CTU_28716
008 210402s9999 xx 000 0 und d
082 |a 611 
082 |b Ch125 
100 |a Đinh Quế Châu 
245 0 |a Giải phẫu sinh lí 
245 0 |b Dùng để dạy và học trong các trường TH Y tế 
245 0 |c Đinh Quế Châu, Dương Hữu Long 
260 |a Hà Nội 
260 |b Y Học 
260 |c 1998 
650 |a human anatomy 
980 |a Trung tâm Học liệu Trường Đại học Cần Thơ